000 01025cam a22003137a 4500
003 CHAP
005 20220329133142.0
008 971013s1991 r 00010 d
010 _a2763
011 _a3735
035 _a2936
040 _cCHAP
090 _aTesis
100 0 0 _aHurtado Ozuna, Juana María.
_956989
245 0 _aManejo postcosecha de tomate de cáscara (Physalis ixocarpa, Brot para producción de semilla
260 _aChapingo, Méx. :
_bEl autor,
_c1991
300 _a61 h
502 _aTesis (Ing. Agr. Esp. en Fitotecnia) -- UACH. Departamento de Fitotecnia
590 _aALEPH
_b10
_c20130110
_lUCH01
_h1213
590 _aBATCH-UPD
_b10
_c20130110
_lUCH01
_h1736
590 _aBATCH-UPD
_b10
_c20130410
_lUCH01
_h1116
590 _aBATCH-UPD
_b10
_c20130914
_lUCH01
_h1627
590 _aCONVERSION
_b10
_c20130109
_lUCH01
_h1303
650 1 4 _aTomate verde.
_9113796
650 1 4 _aTomate verde
_xSemilla.
_9113836
901 _aBK
942 _cTESIS
949 _bBC
_cTES
_d-12444
_eTS1
_h25007
_i2936
_mD
_si
999 _c2763
_d2763